01198cam a22003614i 4500003000900000005001700009008004100026020001500067035002700082040003300109082002100142100003200163245004900195264006500244300005500309336002100364337002500385338002300410504002800433505024400461526001000705526001000715526001000725526001000735526000800745526000800753526000800761526000800769526000800777526000800785526000800793630003500801PE-LiUPU20250731173001.0150623s1979 tnua rb 000 0 eng d a0805420118 a(Sirsi) i9780805420111 aPE-LiUPUbspacPE-LiUPUerda04a220.071bC712211 aColeman, Lucien E.,eautor.10aHow to teach the Bible /cLucien E. Coleman. 1aNashville, Tennessee :bBroadman & Holman Publishers,c1979. a265 páginas :bilustraciones ;c19 centímetros atext2rdacontent aunmediated2rdamedia avolume2rdacarrier aIncluye bibliografía.0 aWhat is Bible teaching? -- What does a teacher do? -- What teachers ought to know -- How to study a lesson -- Teaching with purpose -- How to develop a plan for teaching -- Speaking of methods -- How to generate enthusiasm for Bible study. aSEG42 aSEG41 aSEG40 aSEG39 aP94 aP87 aP86 aP85 aP77 aP76 aP35 aBibliaxEstudio y enseñanza.